Formula 1: Teammates by Driver #6 - Statistics

General Stats
  • This quiz has been taken 965 times
    901 since last reset
  • The average score is 20 of 40
Answer Stats
Driver Seasons Teammate Nationality Team % Correct
Max Verstappen 2016-2018 Daniel Ricciardo Australia Red Bull
98%
Max Verstappen 2021- Sergio Pérez Mexico Red Bull
98%
Max Verstappen 2019-2020 Alexander Albon Thailand Red Bull
97%
Max Verstappen 2019 Pierre Gasly France Red Bull
96%
Max Verstappen 2015-2016 Carlos Sainz Spain Toro Rosso
93%
Robert Kubica 2019 George Russell UK Williams
83%
Giancarlo Fisichella 2009 Kimi Räikkönen Finland Ferrari
82%
Giancarlo Fisichella 2005-2006 Fernando Alonso Spain Renault
80%
Ralf Schumacher 2001-2004 Juan Pablo Montoya Colombia Williams
69%
Giancarlo Fisichella 1997 Ralf Schumacher Germany Jordan
65%
Giancarlo Fisichella 2004 Felipe Massa Brazil Sauber
64%
Robert Kubica 2006-2009 Nick Heidfeld Germany BMW
64%
Jean Alesi 2000 Nick Heidfeld Germany Prost
64%
Robert Kubica 2010 Vitali Petrov Russia Renault
64%
Giancarlo Fisichella 2007 Heikki Kovalainen Finland Renault
63%
Ralf Schumacher 2005-2007 Jarno Trulli Italy Toyota
59%
Jean Alesi 2001 Jarno Trulli Italy Jordan
59%
Jean Alesi 1993-1997 Gerhard Berger Austria Benetton, Ferrari
57%
Jean Alesi 1991 Alain Prost France Ferrari
51%
Giancarlo Fisichella 2002 Takuma Sato Japan Jordan
51%
Ralf Schumacher 1997 Giancarlo Fisichella Italy Jordan
50%
Giancarlo Fisichella 2008-2009 Adrian Sutil Germany Force India
49%
Giancarlo Fisichella 2001 Jenson Button UK Benetton
49%
Ralf Schumacher 2000 Jenson Button UK Williams
49%
Ralf Schumacher 1998 Damon Hill UK Jordan
46%
Giancarlo Fisichella 1998-2000 Alexander Wurz Austria Benetton
41%
Jean Alesi 1997 Alexander Wurz Austria Benetton
41%
Jean Alesi 1998 Johnny Herbert UK Sauber
33%
Giancarlo Fisichella 2003 Zsolt Baumgartner Hungary Jordan
32%
Jean Alesi 1990 Satoru Nakajima Japan Tyrrell
31%
Ralf Schumacher 1999 Alex Zanardi Italy Williams
19%
Jean Alesi 1992 Ivan Capelli Italy Ferrari
19%
Jean Alesi 1999 Pedro Diniz Brazil Sauber
19%
Jean Alesi 2001 Gastón Mazzacane Argentina Prost
17%
Jean Alesi 1992 Nicola Larini Italy Ferrari
16%
Giancarlo Fisichella 2003 Ralph Firman Ireland Jordan
16%
Giancarlo Fisichella 1996 Pedro Lamy Portugal Minardi
14%
Jean Alesi 2001 Luciano Burti Brazil Prost
13%
Jean Alesi 1991 Gianni Morbidelli Italy Ferrari
12%
Jean Alesi 1989 Jonathan Palmer UK Tyrrell
9%
No matching quizzes found
Score Distribution
Percent of People with Each Score
Percentile by Number Answered
Your Score History
You have not taken this quiz since the last reset